000
00305nam a2200121Ia 4500
008
190216s9999||||xx |||||||||||||| ||und||
100
_a
Varshney Rl & Mullick B R
245
0
_a
Selected Poems
260
_b
Lakshmi Narain Agarwal Pub
_c
1997
300
_a
372p
650
_a
English Poetry
942
_c
BK
999
_c
13728
_d
13728